[Event "Karposh Open 2015"]
[Site "Skopje MKD"]
[Date "2015.03.27"]
[Round "1.77"]
[White "Mihov, Filip"]
[Black "Kanakaris, Georgios"]
[Result "0-1"]
[WhiteElo "1705"]
[BlackElo "2291"]
[PlyCount "64"]
[EventDate "2015.03.27"]
[EventType "swiss"]
[EventRounds "9"]
[EventCountry "MKD"]
[Source "lmi"]
[SourceDate "2015.03.27"]

1. Nf3 Nf6 2. c4 g6 3. Nc3 Bg7 4. g3 O-O 5. Bg2 d6 6. O-O e5 7. d3 Nc6 8. Rb1
a5 9. a3 Bd7 10. b4 axb4 11. axb4 Qc8 12. Bg5 Re8 13. Ne1 Nd4 14. Nc2 Ne6 15.
Bxf6 Bxf6 16. Nd5 Bg7 17. e4 Qd8 18. b5 Rf8 19. Bh3 f5 20. Ra1 Rxa1 21. Qxa1 c6
22. Nc3 Ng5 23. Bg2 f4 24. h4 Ne6 25. Qa7 f3 26. Bh3 Nd4 27. Bxd7 Qxd7 28. Ne3
Qh3 29. Qa2 Bh6 30. c5+ Kg7 31. cxd6 Bxe3 32. fxe3 Ne2+ 0-1

[Event "Karposh Open 2015"]
[Site "Skopje MKD"]
[Date "2015.03.27"]
[Round "1.78"]
[White "Andonovski, Ljubisa"]
[Black "Petrovic, Lazar"]
[Result "1-0"]
[WhiteElo "2290"]
[BlackElo "1694"]
[PlyCount "87"]
[EventDate "2015.03.27"]
[EventType "swiss"]
[EventRounds "9"]
[EventCountry "MKD"]
[Source "lmi"]
[SourceDate "2015.03.27"]

1. d4 d5 2. c4 e6 3. Nf3 Nf6 4. g3 b6 5. Bg2 Bb7 6. cxd5 Nxd5 7. O-O Be7 8.
Qa4+ Qd7 9. Qc2 c5 10. Ne5 Qc8 11. Qa4+ Bc6 12. Nxc6 Qxc6 13. Qd1 Qc8 14. Nc3
Nd7 15. Nxd5 exd5 16. Bxd5 Rb8 17. Bf4 O-O 18. dxc5 Bxc5 19. Rc1 Qd8 20. Bxb8
Qxb8 21. a3 a5 22. e3 Nf6 23. Bf3 Rd8 24. Qa4 Qe5 25. Rfd1 Rxd1+ 26. Qxd1 g6
27. Qc2 Kg7 28. Kg2 Nd5 29. Rd1 Nc7 30. Rd7 Nb5 31. b4 axb4 32. axb4 Bf8 33.
Rd5 Qe8 34. Qb2+ Kg8 35. Qf6 Nc7 36. Rd8 Qe6 37. Qxe6 Nxe6 38. Rb8 Kg7 39. Rxb6
Kf6 40. Bd5 Ke7 41. Bxe6 fxe6 42. Rb7+ Kd6 43. Rxh7 Be7 44. b5 1-0

[Event "Karposh Open 2015"]
[Site "Skopje MKD"]
[Date "2015.03.27"]
[Round "1.79"]
[White "Simsek, Meltem"]
[Black "Veleski, Robert"]
[Result "0-1"]
[WhiteElo "1683"]
[BlackElo "2279"]
[PlyCount "80"]
[EventDate "2015.03.27"]
[EventType "swiss"]
[EventRounds "9"]
[EventCountry "MKD"]
[Source "lmi"]
[SourceDate "2015.03.27"]

1. d4 Nf6 2. c4 g6 3. Nc3 Bg7 4. e4 d6 5. Nf3 O-O 6. Be2 e5 7. Be3 exd4 8. Nxd4
Nc6 9. O-O Re8 10. f3 Nh5 11. Qd2 Nxd4 12. Bxd4 Bxd4+ 13. Qxd4 Nf4 14. Rf2 Qg5
15. Kh1 Qe5 16. Qd2 Nxe2 17. Rxe2 Be6 18. b3 a5 19. f4 Qg7 20. Rae1 a4 21. Nd5
Bxd5 22. Qxd5 axb3 23. axb3 Qc3 24. Qd1 Ra3 25. Re3 Qf6 26. Qc1 Ra2 27. R3e2
Rxe2 28. Rxe2 Qd4 29. Qe1 Ra8 30. Rc2 Qxe4 31. Rc1 Qxf4 32. Ra1 Rf8 33. Ra7 Qd4
34. Qa1 Qxa1+ 35. Rxa1 Re8 36. Kg1 Re3 37. Ra8+ Kg7 38. Rc8 c6 39. Rd8 Rxb3 40.
Rxd6 Rb4 0-1

[Event "Karposh Open 2015"]
[Site "Skopje MKD"]
[Date "2015.03.27"]
[Round "1.80"]
[White "Zupe, Miran"]
[Black "Silivri, Volkan Resat"]
[Result "1-0"]
[WhiteElo "2277"]
[BlackElo "1660"]
[PlyCount "33"]
[EventDate "2015.03.27"]
[EventType "swiss"]
[EventRounds "9"]
[EventCountry "MKD"]
[Source "lmi"]
[SourceDate "2015.03.27"]

1. d4 d5 2. Nf3 Nc6 3. c4 e5 4. e3 Bg4 5. Be2 e4 6. Ng1 Bxe2 7. Nxe2 Nb4 8. O-O
Nd3 9. cxd5 Nxc1 10. Qxc1 Bd6 11. Nbc3 Nf6 12. Ng3 Bxg3 13. fxg3 O-O 14. Qc2
Nxd5 15. Qxe4 c6 16. Qf3 Qf6 17. Nxd5 1-0

[Event "Karposh Open 2015"]
[Site "Skopje MKD"]
[Date "2015.03.27"]
[Round "1.81"]
[White "Kurekci, Ferit Tuna"]
[Black "Bubalovic, Davorin"]
[Result "0-1"]
[WhiteElo "1658"]
[BlackElo "2268"]
[PlyCount "54"]
[EventDate "2015.03.27"]
[EventType "swiss"]
[EventRounds "9"]
[EventCountry "MKD"]
[Source "lmi"]
[SourceDate "2015.03.27"]

1. e4 c5 2. Nf3 d6 3. Bb5+ Bd7 4. Bxd7+ Qxd7 5. O-O Nf6 6. Re1 Nc6 7. c3 e6 8.
d4 cxd4 9. cxd4 d5 10. e5 Ne4 11. Nbd2 Nxd2 12. Bxd2 Be7 13. Rc1 O-O 14. Rc3
Rac8 15. a3 b5 16. Rd3 Qd8 17. h4 Re8 18. Ng5 h6 19. Nxf7 Kxf7 20. Qh5+ Kg8 21.
Bxh6 Bf8 22. Rf3 Nxd4 23. Qf7+ Kh7 24. Rf6 Re7 25. Qg6+ Kg8 26. Rf4 Nf5 27. Rg4
Qe8 0-1

[Event "Karposh Open 2015"]
[Site "Skopje MKD"]
[Date "2015.03.27"]
[Round "1.82"]
[White "Blagojevic, Tijana"]
[Black "Kovachevski, Georgi"]
[Result "1-0"]
[WhiteElo "2268"]
[BlackElo "1655"]
[PlyCount "71"]
[EventDate "2015.03.27"]
[EventType "swiss"]
[EventRounds "9"]
[EventCountry "MKD"]
[Source "lmi"]
[SourceDate "2015.03.27"]

1. e4 c5 2. Nf3 Nc6 3. Bb5 g6 4. Bxc6 bxc6 5. O-O Bg7 6. Re1 d6 7. c3 Qc7 8. d4
cxd4 9. cxd4 Nf6 10. Nc3 O-O 11. h3 Nd7 12. Be3 Rb8 13. Qc2 Ba6 14. Nd5 Qd8 15.
Qxc6 Bb7 16. Qc2 Bxd5 17. exd5 Qb6 18. b3 Nf6 19. Bg5 Rbc8 20. Qd2 Rc7 21. Bxf6
Bxf6 22. Qh6 Bg7 23. Qf4 Qb7 24. Qe4 Qb4 25. Rac1 Rfc8 26. Rc6 Rxc6 27. dxc6 e6
28. Rc1 d5 29. Qd3 Qb6 30. Qc3 Bf8 31. Ne5 Bb4 32. Qf3 Rc7 33. Qf6 Ba5 34. Qd8+
Kg7 35. Nd7 Qxd4 36. Qf8# 1-0

[Event "Karposh Open 2015"]
[Site "Skopje MKD"]
[Date "2015.03.27"]
[Round "1.83"]
[White "Kjosev, Vlatko"]
[Black "Tsakiris, Haralambos"]
[Result "0-1"]
[WhiteElo "1653"]
[BlackElo "2265"]
[PlyCount "56"]
[EventDate "2015.03.27"]
[EventType "swiss"]
[EventRounds "9"]
[EventCountry "MKD"]
[Source "lmi"]
[SourceDate "2015.03.27"]

1. e4 c5 2. Nf3 e6 3. c4 Nc6 4. d4 cxd4 5. Nxd4 Nf6 6. Nxc6 bxc6 7. Bd3 Bb4+ 8.
Bd2 Bxd2+ 9. Nxd2 e5 10. h3 O-O 11. O-O d5 12. Qe2 d4 13. f4 Nd7 14. fxe5 Nxe5
15. Nf3 Qe7 16. Nxe5 Qxe5 17. b4 Be6 18. Rf3 Rab8 19. a3 Rfc8 20. c5 a5 21. Rb1
axb4 22. axb4 Rc7 23. Bc4 Bxc4 24. Qxc4 Qxe4 25. Rbf1 Rbb7 26. Kh1 Rd7 27. R1f2
Qe1+ 28. Kh2 Qxb4 0-1

[Event "Karposh Open 2015"]
[Site "Skopje MKD"]
[Date "2015.03.27"]
[Round "1.84"]
[White "Janev, Pavel"]
[Black "Can, Isil"]
[Result "1-0"]
[WhiteElo "2262"]
[BlackElo "1636"]
[PlyCount "81"]
[EventDate "2015.03.27"]
[EventType "swiss"]
[EventRounds "9"]
[EventCountry "MKD"]
[Source "lmi"]
[SourceDate "2015.03.27"]

1. e4 e5 2. Nf3 Nc6 3. Bc4 Bc5 4. d3 d6 5. Ng5 Nh6 6. c3 O-O 7. b4 Bb6 8. h3
Qf6 9. Nf3 Kh8 10. g4 Qe7 11. Bg5 f6 12. Bxh6 gxh6 13. Nh4 Qg7 14. Nd2 Bd7 15.
Nf5 Bxf5 16. gxf5 Qg2 17. Rf1 Qxh3 18. Qe2 a5 19. O-O-O Qh4 20. b5 Ne7 21. Be6
Qf4 22. Kc2 d5 23. Rg1 Qxf2 24. Qxf2 Bxf2 25. Rg2 Be3 26. exd5 Rad8 27. c4 c6
28. dxc6 bxc6 29. a4 cxb5 30. axb5 Bd4 31. Kb3 Ra8 32. Ka4 Nc8 33. Bxc8 Rfxc8
34. Ne4 Rf8 35. c5 Rf7 36. b6 Rg7 37. Rxg7 Kxg7 38. Kb5 a4 39. b7 Rb8 40. c6 a3
41. Ka6 1-0

[Event "Karposh Open 2015"]
[Site "Skopje MKD"]
[Date "2015.03.27"]
[Round "1.85"]
[White "Manova, Ivana"]
[Black "Sahitaj, Naim"]
[Result "0-1"]
[WhiteElo "1618"]
[BlackElo "2259"]
[PlyCount "88"]
[EventDate "2015.03.27"]
[EventType "swiss"]
[EventRounds "9"]
[EventCountry "MKD"]
[Source "lmi"]
[SourceDate "2015.03.27"]

1. e4 d5 2. exd5 Nf6 3. d4 Nxd5 4. c4 Nf6 5. Nc3 e6 6. Nf3 Nbd7 7. Be2 Be7 8.
O-O O-O 9. Bf4 c6 10. Qc2 Re8 11. Rfd1 b6 12. d5 exd5 13. cxd5 Bb7 14. dxc6
Bxc6 15. Ne5 Qb8 16. Nxc6 Qxf4 17. Nxe7+ Rxe7 18. Bf3 Rae8 19. Nd5 Nxd5 20.
Bxd5 Re2 21. Qc3 Qxf2+ 22. Kh1 Nf6 23. Bc6 Rc8 24. Rf1 Qc5 25. Bf3 Qxc3 26.
bxc3 Rc2 27. Rfd1 R2xc3 28. Bb7 Rb8 29. Rac1 Rxc1 30. Rxc1 b5 31. Rc8+ Rxc8 32.
Bxc8 Ne8 33. Bf5 Nd6 34. Bd7 Kf8 35. Kg1 Ke7 36. Bc6 Ke6 37. Kf2 Ke5 38. Ke3 f5
39. h3 g5 40. Kd3 h5 41. Bd7 Kd5 42. g4 fxg4 43. hxg4 h4 44. Ke3 a5 0-1

[Event "Karposh Open 2015"]
[Site "Skopje MKD"]
[Date "2015.03.27"]
[Round "1.86"]
[White "Budima, Armend"]
[Black "Lakinska, Simona"]
[Result "1-0"]
[WhiteElo "2255"]
[BlackElo "1605"]
[PlyCount "75"]
[EventDate "2015.03.27"]
[EventType "swiss"]
[EventRounds "9"]
[EventCountry "MKD"]
[Source "lmi"]
[SourceDate "2015.03.27"]

1. e4 e5 2. Nf3 Nc6 3. Bb5 a6 4. Ba4 Nf6 5. O-O b5 6. Bb3 Be7 7. Re1 d6 8. h3
O-O 9. c3 Na5 10. Bc2 c5 11. d4 Qc7 12. d5 Re8 13. Nbd2 Bf8 14. Nf1 g6 15. Bg5
Bg7 16. Qc1 Rb8 17. N3h2 b4 18. Ne3 bxc3 19. bxc3 Bd7 20. Neg4 Nxg4 21. Nxg4
Bxg4 22. hxg4 Nb7 23. Qa3 Qa5 24. Qxa5 Nxa5 25. Ba4 Rec8 26. Reb1 f6 27. Bc1
Kf8 28. Bc2 Ke7 29. Bd3 c4 30. Bc2 Kd7 31. Be3 Kc7 32. Rb4 Rxb4 33. cxb4 Nb7
34. Ba4 a5 35. Rc1 Kb8 36. Bc6 axb4 37. Rxc4 Na5 38. Rxb4+ 1-0

[Event "Karposh Open 2015"]
[Site "Skopje MKD"]
[Date "2015.03.27"]
[Round "1.87"]
[White "Danchevski, Gorast"]
[Black "Peczely, Sebastian Zsombor"]
[Result "0-1"]
[WhiteElo "1587"]
[BlackElo "2254"]
[PlyCount "71"]
[EventDate "2015.03.27"]
[EventType "swiss"]
[EventRounds "9"]
[EventCountry "MKD"]
[Source "lmi"]
[SourceDate "2015.03.27"]

1. e4 c5 2. Nc3 Nc6 3. f4 e6 4. Nf3 d5 5. Bb5 a6 6. Bxc6+ bxc6 7. d3 g6 8. O-O
Bg7 9. Bd2 Rb8 10. b3 Nf6 11. Ne5 Bd7 12. Qe2 O-O 13. Nd1 Be8 14. Nf2 Qd6 15.
Rad1 Nh5 16. Nfg4 f5 17. exf5 exf5 18. Nf2 Bf7 19. Nxf7 Rxf7 20. Qf3 Re7 21.
Rfe1 Rbe8 22. g3 Nf6 23. Kf1 d4 24. Rxe7 Rxe7 25. Re1 Rxe1+ 26. Bxe1 Nd5 27.
Nd1 Kf7 28. Bd2 h5 29. h4 Nf6 30. Nb2 Ng4 31. Ke1 Qe6+ 32. Kd1 Bf6 33. Nc4 Bd8
34. Ba5 Ne3+ 35. Nxe3 Bxa5 36. Ng2 0-1

[Event "Karposh Open 2015"]
[Site "Skopje MKD"]
[Date "2015.03.27"]
[Round "1.88"]
[White "Pecurica, Milos"]
[Black "Velkovski, Kristijan"]
[Result "1-0"]
[WhiteElo "2240"]
[BlackElo "1583"]
[PlyCount "37"]
[EventDate "2015.03.27"]
[EventType "swiss"]
[EventRounds "9"]
[EventCountry "MKD"]
[Source "lmi"]
[SourceDate "2015.03.27"]

1. d4 d5 2. c4 e6 3. Nf3 Nf6 4. Nc3 Nbd7 5. cxd5 exd5 6. Bg5 c6 7. e3 Be7 8.
Bd3 O-O 9. Qc2 h6 10. Bh4 Nh5 11. Bxe7 Qxe7 12. O-O-O f5 13. Bxf5 Nb6 14. Bh7+
Kh8 15. Ne5 Qf6 16. Bg6 Bf5 17. Bxf5 Qxf5 18. Ng6+ Kg8 19. Ne7+ 1-0

[Event "Karposh Open 2015"]
[Site "Skopje MKD"]
[Date "2015.03.27"]
[Round "1.89"]
[White "Veljanoski, Andrej"]
[Black "Hadzimanolis, Antonios"]
[Result "0-1"]
[WhiteElo "1555"]
[BlackElo "2239"]
[PlyCount "62"]
[EventDate "2015.03.27"]
[EventType "swiss"]
[EventRounds "9"]
[EventCountry "MKD"]
[Source "lmi"]
[SourceDate "2015.03.27"]

1. e4 e5 2. Nf3 Nc6 3. d4 exd4 4. Bc4 Nf6 5. e5 d5 6. Bb5 Ne4 7. Nxd4 Bd7 8.
Bxc6 bxc6 9. O-O Bc5 10. Be3 O-O 11. f3 Ng5 12. f4 Ne4 13. Nd2 Nxd2 14. Qxd2 f6
15. exf6 Qxf6 16. c3 Rae8 17. Rae1 Re4 18. g3 Bh3 19. Rf2 Rfe8 20. Nc2 Qe7 21.
Rfe2 Bg4 22. Bxc5 Rxe2 23. Rxe2 Qxe2 24. Qxe2 Rxe2 25. Nd4 Rxb2 26. Bxa7 Rxa2
27. Bb8 c5 28. Nc6 Bh3 29. Ne7+ Kf7 30. Nxd5 Rg2+ 31. Kh1 Rb2 0-1

[Event "Karposh Open 2015"]
[Site "Skopje MKD"]
[Date "2015.03.27"]
[Round "1.90"]
[White "Vragoteris, Antonios"]
[Black "Dolgun, Can"]
[Result "1-0"]
[WhiteElo "2238"]
[BlackElo "1547"]
[PlyCount "61"]
[EventDate "2015.03.27"]
[EventType "swiss"]
[EventRounds "9"]
[EventCountry "MKD"]
[Source "lmi"]
[SourceDate "2015.03.27"]

1. d4 Nf6 2. c4 g6 3. Nc3 Bg7 4. e4 d6 5. Nge2 O-O 6. Ng3 Na6 7. Be2 c5 8. d5
Nc7 9. O-O Rb8 10. a4 Na6 11. f4 Nb4 12. Be3 Bd7 13. h3 a6 14. Qd2 Ne8 15. Rac1
Nc7 16. Kh2 b5 17. b3 Qe8 18. axb5 axb5 19. f5 Ra8 20. Bh6 Ra3 21. Bxg7 Kxg7
22. Qb2 Ra5 23. Nxb5+ Kg8 24. Nxc7 Qb8 25. Ne6 fxe6 26. fxe6 Bxe6 27. dxe6 Ra2
28. Qc3 Rxf1 29. Rxf1 d5 30. cxd5 Rxe2 31. Rf7 1-0

[Event "Karposh Open 2015"]
[Site "Skopje MKD"]
[Date "2015.03.27"]
[Round "1.91"]
[White "Topalov, Nikola"]
[Black "Tuncer, Tuna"]
[Result "0-1"]
[WhiteElo "1544"]
[BlackElo "2234"]
[PlyCount "98"]
[EventDate "2015.03.27"]
[EventType "swiss"]
[EventRounds "9"]
[EventCountry "MKD"]
[Source "lmi"]
[SourceDate "2015.03.27"]

1. e4 c5 2. Nf3 d6 3. d4 cxd4 4. Nxd4 Nf6 5. Nc3 g6 6. Bc4 Bg7 7. h3 O-O 8. O-O
Nc6 9. Nde2 Bd7 10. a3 Rc8 11. Ba2 a6 12. Ng3 b5 13. Nd5 Ne5 14. Nxf6+ Bxf6 15.
Rb1 Qc7 16. c3 a5 17. Bd2 Nc4 18. Bxc4 Qxc4 19. Re1 Rfd8 20. Kh1 Rb8 21. f3 Bh4
22. Kh2 Be6 23. Rf1 d5 24. e5 d4 25. Qc1 dxc3 26. Qxc3 b4 27. axb4 Qd5 28. Be1
axb4 29. Qe3 Qd3 30. Bf2 Bb3 31. Qxd3 Rxd3 32. Ne4 Bxf2 33. Nxf2 Rd5 34. f4 Bc2
35. Rbc1 Rd2 36. Ng4 b3 37. Rf2 Rbd8 38. Rxd2 Rxd2 39. Ne3 Be4 40. Rc4 Bb1 41.
f5 Bxf5 42. Nxf5 gxf5 43. Rb4 Rxb2 44. Kg3 Kg7 45. Kf3 e6 46. g3 Rb1 47. Ke3 b2
48. Kd2 Rg1 49. g4 b1=Q 0-1

[Event "Karposh Open 2015"]
[Site "Skopje MKD"]
[Date "2015.03.27"]
[Round "1.92"]
[White "Marjanovics, Annamaria"]
[Black "Krstevski, Vladimir"]
[Result "1-0"]
[WhiteElo "2230"]
[BlackElo "1539"]
[PlyCount "71"]
[EventDate "2015.03.27"]
[EventType "swiss"]
[EventRounds "9"]
[EventCountry "MKD"]
[Source "lmi"]
[SourceDate "2015.03.27"]

1. e4 g6 2. d4 Bg7 3. Nc3 d6 4. f4 c6 5. Nf3 Nd7 6. Be3 Qc7 7. Qd2 b5 8. Bd3
Bb7 9. O-O-O Ngf6 10. e5 Ng4 11. Bg1 e6 12. Ne4 Bf8 13. h3 Nh6 14. Nxd6+ Bxd6
15. exd6 Qxd6 16. Bf2 O-O 17. Rhg1 Nf5 18. g4 Ne7 19. Ng5 a6 20. Ne4 Qc7 21.
Bg3 Qb6 22. Nd6 Nc8 23. Nxb7 Qxb7 24. f5 exf5 25. gxf5 Ne7 26. Bd6 Nf6 27. Qg5
Nfd5 28. f6 Nxf6 29. Qxf6 Nd5 30. Qf2 Rfd8 31. Bc5 Nc7 32. h4 Ne6 33. h5 Rd7
34. Qf6 Qc8 35. hxg6 fxg6 36. Qxe6+ 1-0

[Event "Karposh Open 2015"]
[Site "Skopje MKD"]
[Date "2015.03.27"]
[Round "1.93"]
[White "Sinik, Yagmur"]
[Black "Sorgic, Dragan"]
[Result "0-1"]
[WhiteElo "1474"]
[BlackElo "2220"]
[PlyCount "82"]
[EventDate "2015.03.27"]
[EventType "swiss"]
[EventRounds "9"]
[EventCountry "MKD"]
[Source "lmi"]
[SourceDate "2015.03.27"]

1. e4 d6 2. d4 Nf6 3. Nc3 g6 4. Bd3 Bg7 5. Nge2 O-O 6. Be3 e5 7. d5 Ng4 8. Qd2
Nxe3 9. Qxe3 f5 10. O-O-O f4 11. Qd2 f3 12. gxf3 Rxf3 13. Ng3 Qf8 14. Kb1 Rxf2
15. Rhf1 Rxd2 16. Rxf8+ Bxf8 17. Rxd2 Be7 18. Nb5 Bd8 19. Rf2 a6 20. Nc3 Bg5
21. Rg2 Bh3 22. Rg1 Be3 23. Re1 Bf2 24. Re2 Bd4 25. Re1 Nd7 26. Nce2 Bf2 27.
Rd1 Rf8 28. Ng1 Bxg1 29. Rxg1 Rf2 30. Rh1 Nf6 31. a3 h5 32. Ne2 Ng4 33. Re1
Nxh2 34. Ng1 Bg4 35. Ne2 Rf1 36. Rxf1 Nxf1 37. Ng1 Ng3 38. Kc1 h4 39. Kd2 h3
40. Nxh3 Bxh3 41. Ke3 Kf7 0-1

[Event "Karposh Open 2015"]
[Site "Skopje MKD"]
[Date "2015.03.27"]
[Round "1.94"]
[White "Demircioglu, Emre"]
[Black "Minko, Olga"]
[Result "1-0"]
[WhiteElo "2219"]
[BlackElo "1441"]
[PlyCount "95"]
[EventDate "2015.03.27"]
[EventType "swiss"]
[EventRounds "9"]
[EventCountry "MKD"]
[Source "lmi"]
[SourceDate "2015.03.27"]

1. d4 d5 2. c4 dxc4 3. e3 e6 4. Bxc4 Nf6 5. Nf3 a6 6. O-O b5 7. Bd3 Bb7 8. Qe2
Nbd7 9. Rd1 c5 10. a4 Bxf3 11. Qxf3 b4 12. Qc6 a5 13. Bb5 Rc8 14. Qf3 cxd4 15.
exd4 Be7 16. Nd2 O-O 17. Nc4 Nd5 18. Bd2 N5b6 19. Nxa5 Nb8 20. Nb7 Qd5 21. Qxd5
Nxd5 22. Rac1 h6 23. a5 Nc7 24. Be2 Nca6 25. Bf4 Bg5 26. Be3 Bxe3 27. fxe3 Rc7
28. Rxc7 Nxc7 29. Rc1 Nca6 30. Kf2 Re8 31. Bb5 Rf8 32. e4 b3 33. Rc4 Kh7 34.
Ba4 Kg6 35. Bxb3 f5 36. e5 f4 37. Bc2+ Kg5 38. b4 Nd7 39. b5 Nab8 40. Rc7 h5
41. Nd6 g6 42. Be4 h4 43. h3 Kh5 44. Rc8 g5 45. a6 Rxc8 46. Nxc8 Nf8 47. a7
Nbd7 48. a8=Q 1-0

[Event "Karposh Open 2015"]
[Site "Skopje MKD"]
[Date "2015.03.27"]
[Round "1.95"]
[White "Hayrat, Mehmet Emir"]
[Black "Giannoulakis, Labros"]
[Result "0-1"]
[WhiteElo "1433"]
[BlackElo "2217"]
[PlyCount "58"]
[EventDate "2015.03.27"]
[EventType "swiss"]
[EventRounds "9"]
[EventCountry "MKD"]
[Source "lmi"]
[SourceDate "2015.03.27"]

1. e4 c5 2. Nf3 d6 3. d4 cxd4 4. Nxd4 Nf6 5. Nc3 a6 6. Bc4 e6 7. Be3 Be7 8. f3
O-O 9. Qd2 Qc7 10. Bb3 Nbd7 11. Bxe6 fxe6 12. Nxe6 Qc4 13. Nxf8 Bxf8 14. O-O-O
b5 15. Qd3 Qc6 16. Bf4 Ne5 17. Qd4 Nc4 18. b3 Ne5 19. Bxe5 dxe5 20. Qxe5 Be6
21. Nd5 Rc8 22. Nxf6+ gxf6 23. Qg3+ Kh8 24. Qf2 Ba3+ 25. Kb1 Qc3 26. Qd4 Qxc2+
27. Ka1 Kg7 28. h4 Rd8 29. Qxd8 Qb2# 0-1

[Event "Karposh Open 2015"]
[Site "Skopje MKD"]
[Date "2015.03.27"]
[Round "1.96"]
[White "Lopez, Jasel"]
[Black "Kosteski, Mile"]
[Result "1-0"]
[WhiteElo "2211"]
[BlackElo "1427"]
[PlyCount "59"]
[EventDate "2015.03.27"]
[EventType "swiss"]
[EventRounds "9"]
[EventCountry "MKD"]
[Source "lmi"]
[SourceDate "2015.03.27"]

1. d4 d5 2. c4 c5 3. Nf3 Nf6 4. Nc3 Nbd7 5. e3 e6 6. Qc2 Be7 7. g4 Nf8 8. h3
Ng6 9. Bd2 b6 10. O-O-O Bb7 11. g5 Nd7 12. h4 dxc4 13. h5 Ngf8 14. e4 b5 15.
Bf4 Nb6 16. Bg2 Nfd7 17. g6 f6 18. Bh3 Nf8 19. h6 gxh6 20. g7 Rg8 21. gxf8=Q+
Bxf8 22. Bxe6 Rg7 23. Bxh6 Re7 24. Bg4 Bxh6+ 25. Rxh6 Rg7 26. Bh5+ Ke7 27. e5
fxe5 28. Qxh7 Kf8 29. Qh8+ Ke7 30. Qxg7# 1-0

[Event "Karposh Open 2015"]
[Site "Skopje MKD"]
[Date "2015.03.27"]
[Round "1.97"]
[White "Ekinci, Berkay"]
[Black "Issakainen, Ari"]
[Result "0-1"]
[WhiteElo "1416"]
[BlackElo "2195"]
[PlyCount "88"]
[EventDate "2015.03.27"]
[EventType "swiss"]
[EventRounds "9"]
[EventCountry "MKD"]
[Source "lmi"]
[SourceDate "2015.03.27"]

1. d4 d5 2. c4 c6 3. Nc3 Nf6 4. Nf3 dxc4 5. e4 b5 6. a3 e6 7. Bf4 Be7 8. Be2
O-O 9. O-O Bb7 10. Qc2 Nbd7 11. Rad1 Qb6 12. h3 h6 13. Be3 Qc7 14. Qd2 a5 15.
Bf4 Qb6 16. e5 Nd5 17. Nxd5 exd5 18. Nh2 c5 19. dxc5 Nxc5 20. Be3 Qc7 21. Bf4
Ne4 22. Qc2 Rad8 23. Bd3 Nc5 24. Bh7+ Kh8 25. Ng4 d4 26. Bf5 h5 27. Nh6 gxh6
28. Qe2 Qc6 29. f3 d3 30. Qf2 Ne6 31. Bxh6 Bc5 32. Be3 Bxe3 33. Qxe3 Qc5 34.
Kf2 Qxe3+ 35. Kxe3 Nc5 36. g4 Rfe8 37. f4 h4 38. g5 Kg7 39. Rg1 b4 40. axb4
axb4 41. g6 f6 42. Kd2 fxe5 43. fxe5 Rxe5 44. Bg4 Nb3# 0-1

[Event "Karposh Open 2015"]
[Site "Skopje MKD"]
[Date "2015.03.27"]
[Round "1.98"]
[White "Hristodorescu, Daniel"]
[Black "Minko, Uliana"]
[Result "1-0"]
[WhiteElo "2194"]
[BlackElo "1186"]
[PlyCount "61"]
[EventDate "2015.03.27"]
[EventType "swiss"]
[EventRounds "9"]
[EventCountry "MKD"]
[Source "lmi"]
[SourceDate "2015.03.27"]

1. e4 e6 2. d4 d5 3. Nc3 c5 4. exd5 exd5 5. Bb5+ Nc6 6. Nf3 a6 7. Bxc6+ bxc6 8.
O-O Nf6 9. Re1+ Be6 10. Ng5 Qd7 11. Na4 Be7 12. Nb6 Qa7 13. Nxa8 Qxa8 14. Nxe6
fxe6 15. Rxe6 Kf7 16. Qe2 Re8 17. Bg5 Qc8 18. Re1 Ne4 19. Rxe7+ Rxe7 20. Bxe7
Kxe7 21. f3 cxd4 22. fxe4 Kd6 23. exd5 cxd5 24. Qe7+ Kc6 25. a3 Kb6 26. b4 Qxc2
27. Re6+ Qc6 28. Qc5+ Kb7 29. Qxc6+ Kb8 30. Re8+ Ka7 31. Ra8# 1-0

[Event "Karposh Open 2015"]
[Site "Skopje MKD"]
[Date "2015.03.27"]
[Round "1.115"]
[White "Gokerkan, Cem Kaan"]
[Black "Drnovsek, Nejc"]
[Result "1-0"]
[WhiteElo "2092"]
[BlackElo "2135"]
[PlyCount "65"]
[EventDate "2015.03.27"]
[EventType "swiss"]
[EventRounds "9"]
[EventCountry "MKD"]
[Source "lmi"]
[SourceDate "2015.03.27"]

1. e4 e5 2. Nf3 Nc6 3. Bc4 Nf6 4. d3 Be7 5. O-O O-O 6. Re1 d6 7. a4 Be6 8. Nc3
Nb4 9. h3 h6 10. a5 c5 11. Nb1 a6 12. Nbd2 Nc6 13. Bxe6 fxe6 14. Nc4 Qe8 15. c3
Nh5 16. d4 exd4 17. cxd4 Qf7 18. dxc5 dxc5 19. Qe2 Nf4 20. Bxf4 Qxf4 21. Qe3
Rad8 22. b3 Nb4 23. Qxf4 Rxf4 24. Rad1 Nc6 25. e5 Nd4 26. Nxd4 Rfxd4 27. Rxd4
cxd4 28. Rd1 Rd5 29. f4 Bb4 30. Kf2 Bc3 31. Kf3 Rb5 32. Ke4 Bxa5 33. Kd3 1-0

[Event "Karposh Open 2015"]
[Site "Skopje MKD"]
[Date "2015.03.28"]
[Round "2.1"]
[White "Ivanisevic, Ivan"]
[Black "Dimic, Pavle"]
[Result "1-0"]
[WhiteElo "2638"]
[BlackElo "2320"]
[PlyCount "63"]
[EventDate "2015.03.27"]
[EventType "swiss"]
[EventRounds "9"]
[EventCountry "MKD"]
[Source "lmi"]
[SourceDate "2015.03.27"]

1. d4 Nf6 2. c4 g6 3. Nc3 Bg7 4. e4 d6 5. Nf3 O-O 6. h3 e5 7. d5 Na6 8. Be3 Nh5
9. g3 Qe8 10. Be2 f5 11. exf5 gxf5 12. Nxe5 Nxg3 13. fxg3 Bxe5 14. Bf4 Bxf4 15.
gxf4 Qe3 16. Qd2 Qxd2+ 17. Kxd2 Bd7 18. a3 Kg7 19. b4 Rae8 20. c5 Nb8 21. Bd3
Kf6 22. Ne2 c6 23. cxd6 cxd5 24. Rac1 Ke6 25. Rc7 b6 26. Nd4+ Kxd6 27. Rxa7 Rg8
28. Rh2 Rg3 29. Bxf5 Rf8 30. Bxd7 Nxd7 31. Nb5+ Kc6 32. a4 1-0

[Event "Karposh Open 2015"]
[Site "Skopje MKD"]
[Date "2015.03.28"]
[Round "2.2"]
[White "Nikolovski, Nikola"]
[Black "Tkachiev, Vladislav"]
[Result "0-1"]
[WhiteElo "2332"]
[BlackElo "2634"]
[PlyCount "86"]
[EventDate "2015.03.27"]
[EventType "swiss"]
[EventRounds "9"]
[EventCountry "MKD"]
[Source "lmi"]
[SourceDate "2015.03.27"]

1. e4 g6 2. d4 d6 3. Nc3 Bg7 4. Nf3 Nf6 5. h3 O-O 6. Be3 c6 7. a4 Qc7 8. Be2
Nbd7 9. O-O b6 10. Qd2 Bb7 11. Rad1 Rad8 12. Rfe1 a6 13. Bh6 b5 14. Bd3 e5 15.
Qg5 Rfe8 16. Ne2 Nf8 17. Bxg7 Kxg7 18. Ng3 Bc8 19. Nh4 Ng8 20. axb5 Ne6 21. Qd2
cxb5 22. d5 Nf4 23. Ne2 Nxe2+ 24. Qxe2 Nf6 25. Ra1 Nh5 26. Ra3 Nf4 27. Qe3 Qe7
28. Nf3 f5 29. Kh2 Qf7 30. Rd1 h6 31. Rc3 Bb7 32. Nh4 Bxd5 33. exd5 Nxd5 34.
Qg3 Nxc3 35. Nxf5+ Kh7 36. Nh4 e4 37. bxc3 exd3 38. Rxd3 Re4 39. Rf3 Qe6 40.
Kh1 Re1+ 41. Kh2 Re4 42. Kh1 g5 43. Nf5 Qe5 0-1